Ensayos sobre budismo zen

Salvato in:
Dettagli Bibliografici
Autore principale: Suzuki, D. T (Autore)
Natura: Libro
Lingua:spagnolo
Pubblicazione: Buenos Aires Kier 1981
Edizione:3a. ed
Soggetti:
Tags: Aggiungi Tag
Nessun Tag, puoi essere il primo ad aggiungerne!!

MARC

LEADER 00000nam a2200000 a 4500
001 UCQ2712
003 CL-VaPUC
008 980724e19810000AG |||||||||||||||||spa|d
082 0 4 |a 294.392  |b SUZ  |2 21 
100 0 |a Suzuki, D. T  |e author  |9 416759 
245 1 0 |a Ensayos sobre budismo zen 
250 |a 3a. ed 
300 |a 3 v 
942 |c BK 
945 |d 19980724 00:00:00  |a mvenant 
260 |a Buenos Aires  |b Kier  |c 1981 
650 0 |a Budismo zen  |9 319173 
650 7 |a MEDITACION  |2 CL-VaPUC  |9 313094 
650 0 |a Espiritualidad   |9 267331 
650 0 |a Filosofía oriental  |9 319113 
583 |a last modification  |c 19980724 00:00:00  |k Rodrigo Vera 
999 |c 273483  |d 273481 
952 |0 0  |1 0  |4 0  |6 294_392000000000000_SUZ_1981  |7 0  |8 A  |9 309065  |a BIBGIM  |b BIBGIM  |d 2019-11-20  |h v.1  |i 3447758  |o 294.392 SUZ 1981  |p 3447758  |r 2025-01-15  |w 2019-11-20  |y BK  |k ORI 
952 |0 0  |1 0  |4 0  |6 294_392000000000000_SUZ_1981  |7 0  |8 A  |9 309066  |a BIBGIM  |b BIBGIM  |d 2019-11-20  |h v2  |i 3447766  |o 294.392 SUZ 1981  |p 3447766  |r 2025-01-15  |w 2019-11-20  |y BK  |k ORI 
952 |0 0  |1 0  |4 0  |6 294_392000000000000_SUZ_1981  |7 0  |8 A  |9 309067  |a BIBGIM  |b BIBGIM  |d 2019-11-20  |h v3  |i 3447774  |o 294.392 SUZ 1981  |p 3447774  |r 2025-01-15  |w 2019-11-20  |y BK  |k ORI